000 00911nab a2200265 u 4500
001 20057
003 HDC
007 cr bn ---aaaaa
008 210221b20060506 d||no |||| 00| 0 eng d
040 _aHDC
245 0 _aCanadian firms can partake in M'sia's fast-growing Halal industry
260 _aKota Kinabalu :
_bDaily Express,
_c2006
300 _a1 online resource
336 _atext
_2rdacontent
337 _acomputer
_2rdamedia
338 _aonline resource
_2rdacarrier
650 _aFood
_xreligious aspects
_xIslam
_9239
650 _aHalal food
_950
650 _aMeat industry
_xReligious aspects
_xIslam
_918118
710 _aDaily Express,
_eissuing body
856 _zRequest full-text at [email protected]
942 _2lcc
942 _cNEWS
942 _kNWSO 005447
999 _c17373
_d17373